[Event "46th Bosna Open 2016"]
[Site "Sarajevo BIH"]
[Date "2016.05.30"]
[Round "4.11"]
[White "Nikcevic, Nebojsa"]
[Black "Kamberovic, Senad"]
[Result "1-0"]
[WhiteTitle "GM"]
[BlackTitle "FM"]
[WhiteElo "2416"]
[BlackElo "2179"]
[WhiteFideId "901776"]
[BlackFideId "14400812"]
[EventDate "2016.05.28"]

1. Nf3 d5 2. c4 c6 3. e3 Nf6 4. Nc3 e6 5. d4 Bd6 6. Bd3 O-O 7. O-O Nbd7 8. e4
dxc4 9. Bxc4 Be7 10. Re1 Re8 11. Bg5 h6 12. Bf4 b5 13. Bb3 Bb7 14. e5 Nd5 15.
Bxd5 exd5 16. Qd2 Nf8 17. Ne2 Bc8 18. Qc2 Bd7 19. Ng3 Rc8 20. Be3 a5 21. Rad1 a4
22. h3 Qb6 23. Rc1 Rc7 24. Nh5 Rec8 25. Qd2 c5 26. Nf4 Be6 27. dxc5 Bxc5 28.
Rxc5 Rxc5 29. Nd3 Nd7 30. Nxc5 Nxc5 31. Rc1 d4 32. Qxd4 Bxa2 33. Rxc5 Rd8 34.
Qb4 Qg6 35. Rxb5 Rd1+ 36. Kh2 Bd5 37. Qg4 1-0

[Event "46th Bosna Open 2016"]
[Site "Sarajevo BIH"]
[Date "2016.05.30"]
[Round "4.12"]
[White "Grynszpan, Mariano"]
[Black "Maksimovic, Bojan"]
[Result "1/2-1/2"]
[WhiteTitle "FM"]
[WhiteElo "2400"]
[BlackElo "2161"]
[WhiteFideId "100277"]
[BlackFideId "14408120"]
[EventDate "2016.05.28"]

1. d4 Nf6 2. c4 c5 3. d5 b5 4. cxb5 a6 5. b6 d6 6. g3 g6 7. Bg2 Bg7 8. Nc3 Nbd7
9. Nf3 O-O 10. O-O Qxb6 11. Re1 Rb8 12. Nd2 a5 13. Rb1 Ba6 14. Qc2 Ne5 15. h3
Rfc8 16. f4 Nc4 17. Nf3 Qb4 18. e3 Nd7 19. Nd2 Na3 20. bxa3 Qxc3 21. Qxc3 Bxc3
22. Rb3 Rxb3 23. axb3 Rb8 24. a4 Rxb3 25. Nxb3 Bxe1 26. Bd2 Bxd2 27. Nxd2 c4 28.
Nb1 Nb6 29. Nc3 Bc8 30. Bf3 Bd7 31. Bd1 f5 32. Kf2 Kf7 33. g4 e6 34. dxe6+ Kxe6
35. g5 Bc6 36. Ke2 Nd5 37. Kd2 Nb6 38. h4 d5 39. h5 gxh5 40. Ne2 Bd7 41. Nd4+
Ke7 42. Bxh5 Nxa4 43. Bf3 Kd6 44. Bh5 Ke7 45. g6 hxg6 46. Bxg6 Kf6 47. Bh5 Nc5
48. Bf3 Be6 49. Kc3 Na6 50. Nc6 a4 51. Nb4 Nc7 52. Nc2 Na6 53. Nb4 Nc7 54. Nc2
Na6 1/2-1/2

[Event "46th Bosna Open 2016"]
[Site "Sarajevo BIH"]
[Date "2016.05.31"]
[Round "5.1"]
[White "Yilmaz, Mustafa"]
[Black "Bosiocic, Marin"]
[Result "1/2-1/2"]
[WhiteTitle "GM"]
[BlackTitle "GM"]
[WhiteElo "2603"]
[BlackElo "2567"]
[WhiteFideId "6302718"]
[BlackFideId "14507927"]
[EventDate "2016.05.28"]

1. d4 Nf6 2. c4 d6 3. Nf3 Nbd7 4. Nc3 e5 5. e4 g6 6. Be2 Bg7 7. O-O O-O 8. Be3
Re8 9. d5 Nh5 10. g3 Bf8 11. Ne1 Ng7 12. Nd3 Be7 13. Qd2 f5 14. f3 Nf6 15. Bh6
fxe4 16. fxe4 Ng4 17. Bxg4 Bxg4 18. Kg2 Qc8 19. Nf2 Bd7 20. h3 Nh5 21. g4 Nf6
22. Rac1 c5 23. Ne2 b5 24. Ng3 Kh8 25. b3 bxc4 26. bxc4 Ng8 27. Be3 Rf8 28. Nd3
Bf6 29. Rh1 Bh4 30. Bg5 Bxg5 31. Qxg5 Qa6 32. Qd2 Rf7 33. Qb2 Raf8 34. Rhf1 Rxf1
35. Nxf1 Qb6 36. Qd2 Qd8 37. Rc3 Ne7 38. Qg5 Nc8 39. Qxd8 Rxd8 40. Ra3 Nb6 41.
Nd2 Ra8 42. Nc1 Kg7 43. Ncb3 Kf6 44. Na5 Ke7 45. Kg3 Rb8 46. Rb3 Ba4 47. Rf3 Bd7
48. g5 Nc8 49. Rb3 Rb6 50. h4 Ba4 51. Ra3 Bd7 52. Nab3 Rb4 53. Kf3 Ra4 54. Rxa4
Bxa4 55. Na5 Bd7 56. Ke3 Kd8 57. Kd3 Kc7 58. Nf1 Ne7 59. Nb3 Ng8 60. Nh2 h5 61.
Kc3 Ne7 62. Nc1 Bh3 63. Nf3 Bg4 64. Nd2 Bd1 65. Nb1 Nc8 66. Kd3 Nb6 67. Nc3 Ba4
68. Nb3 Bd7 69. Nd2 a6 70. Nd1 Bh3 71. Nf2 Bd7 72. Kc3 Ba4 73. Nf3 Be8 74. Nd3
Nd7 75. Kb3 Kb6 76. Ka3 Kc7 77. Kb3 Kb6 78. Nf2 Nf8 79. Ng1 Kc7 80. Ne2 Bd7 81.
Ng3 Kb6 82. Nd1 Be8 83. Ne3 Kc7 84. Kc3 Kd8 85. Kd3 Ke7 86. Nef1 Bd7 87. Nd2 Kd8
88. Kc3 1/2-1/2

[Event "46th Bosna Open 2016"]
[Site "Sarajevo BIH"]
[Date "2016.05.31"]
[Round "5.2"]
[White "Martinovic, Sasa"]
[Black "Jovanovic, Zoran"]
[Result "1/2-1/2"]
[WhiteTitle "GM"]
[BlackTitle "GM"]
[WhiteElo "2529"]
[BlackElo "2531"]
[WhiteFideId "14509792"]
[BlackFideId "14505320"]
[EventDate "2016.05.28"]

1. c4 Nf6 2. Nc3 g6 3. e4 d6 4. d4 Bg7 5. Be2 O-O 6. Nf3 e5 7. O-O Nc6 8. dxe5
dxe5 9. Bg5 Qxd1 10. Rfxd1 Bg4 11. h3 Bxf3 12. Bxf3 Nd4 13. Nd5 Nxd5 14. cxd5 f5
15. Rac1 Rf7 16. exf5 Nxf3+ 17. gxf3 gxf5 18. d6 cxd6 19. Rxd6 Re8 20. Kh1 1/2-1/2

[Event "46th Bosna Open 2016"]
[Site "Sarajevo BIH"]
[Date "2016.05.31"]
[Round "5.3"]
[White "Brkic, Ante"]
[Black "Nikolic, Predrag"]
[Result "1-0"]
[WhiteTitle "GM"]
[BlackTitle "GM"]
[WhiteElo "2584"]
[BlackElo "2617"]
[WhiteFideId "14506688"]
[BlackFideId "14400014"]
[EventDate "2016.05.28"]

1. e4 e6 2. d4 d5 3. Nc3 Bb4 4. e5 c5 5. a3 Bxc3+ 6. bxc3 Qc7 7. Qg4 f6 8. Nf3
c4 9. Be2 Nc6 10. Qg3 Qf7 11. O-O Bd7 12. exf6 Nxf6 13. Ng5 Qg8 14. Qc7 h6 15.
Nf3 Qf7 16. Qxb7 O-O 17. Qc7 Ne4 18. Ne5 Nxe5 19. Qxe5 Nxc3 20. Bd2 Ne4 21. Bb4
Rfc8 22. f3 Nf6 23. Rae1 a5 24. Bd6 Ba4 25. Bd1 Ra6 26. Qf4 Rb6 27. g4 Rcc6 28.
Be5 Rb2 29. Rf2 Rb1 30. Qg3 Ra1 31. g5 Nh5 32. Qg4 Kh7 33. gxh6 g6 34. Qg5 Rc8
35. f4 Rf8 36. Rg2 Nf6 37. Qh4 Nd7 38. Bd6 Qf6 39. Qf2 Rg8 40. h4 Rb1 41. Kh2
Rb6 42. Be5 Nxe5 43. dxe5 Qe7 44. h5 Be8 45. Reg1 Rb1 46. Rg4 Qxa3 47. hxg6+
Bxg6 48. Qa7+ 1-0

[Event "46th Bosna Open 2016"]
[Site "Sarajevo BIH"]
[Date "2016.05.31"]
[Round "5.4"]
[White "Can, Emre"]
[Black "Kosic, Dragan"]
[Result "1/2-1/2"]
[WhiteTitle "GM"]
[BlackTitle "GM"]
[WhiteElo "2557"]
[BlackElo "2507"]
[WhiteFideId "6302181"]
[BlackFideId "900290"]
[EventDate "2016.05.28"]

1. c4 c5 2. Nf3 Nc6 3. d4 cxd4 4. Nxd4 Nf6 5. Nc3 Qb6 6. Nb3 e6 7. a3 d5 8. Be3
Qd8 9. cxd5 Nxd5 10. Nxd5 exd5 11. g3 Be7 12. Bg2 Bf6 13. O-O Bxb2 14. Ra2 Bf6
15. Rd2 O-O 16. Rxd5 Qc7 17. Bf4 Qb6 18. Nc5 Re8 19. Qd3 Rd8 20. Rc1 Rxd5 21.
Bxd5 Nd4 22. Be3 Qb2 23. Re1 Nc2 24. Rd1 Nxe3 25. Qxe3 Bg4 26. Bxb7 Qxe2 27.
Qxe2 Bxe2 28. Re1 Re8 29. Bc6 Bc3 30. Rc1 Rc8 31. Rxc3 Rxc6 32. Re3 g6 33. Rxe2
Rxc5 34. Re4 1/2-1/2

[Event "46th Bosna Open 2016"]
[Site "Sarajevo BIH"]
[Date "2016.05.31"]
[Round "5.5"]
[White "Drasko, Milan"]
[Black "Kozul, Zdenko"]
[Result "0-1"]
[WhiteTitle "GM"]
[BlackTitle "GM"]
[WhiteElo "2440"]
[BlackElo "2591"]
[WhiteFideId "900397"]
[BlackFideId "14502879"]
[EventDate "2016.05.28"]

1. Nf3 Nf6 2. g3 d5 3. Bg2 c6 4. O-O g6 5. d4 Bg7 6. b3 O-O 7. c4 Bf5 8. Bb2 Qb6
9. cxd5 cxd5 10. Nc3 Rc8 11. e3 Na6 12. Qe2 Nb4 13. Rfd1 Ne4 14. Nxe4 Bxe4 15.
Ne1 a5 16. Bh3 Rc7 17. f3 Bf5 18. Bxf5 gxf5 19. Ba3 e5 20. dxe5 Bxe5 21. Rac1
Rxc1 22. Rxc1 Re8 23. Bxb4 axb4 24. Kg2 Bc3 25. Nc2 d4 26. Rd1 dxe3 27. Rd3 f4
28. gxf4 Kh8 29. Kh1 Qa6 30. Nxe3 Bd4 31. Qd1 Bxe3 32. Rxe3 Rxe3 33. Qd4+ f6 34.
Qxe3 Qf1+ 35. Qg1 Qxf3+ 36. Qg2 Qxf4 37. h3 Qc1+ 38. Kh2 Qc7+ 39. Kh1 Qc6 0-1

[Event "46th Bosna Open 2016"]
[Site "Sarajevo BIH"]
[Date "2016.05.31"]
[Round "5.6"]
[White "Durakovic, Alman"]
[Black "Kadric, Denis"]
[Result "0-1"]
[WhiteTitle "FM"]
[BlackTitle "GM"]
[WhiteElo "2292"]
[BlackElo "2554"]
[WhiteFideId "14401894"]
[BlackFideId "14403803"]
[EventDate "2016.05.28"]

1. d4 d6 2. c4 e5 3. Nc3 g6 4. e4 Bg7 5. Nge2 Nc6 6. Be3 Nf6 7. f3 O-O 8. Qd2 a6
9. d5 Ne7 10. Nc1 Nh5 11. g4 Nf4 12. N1e2 f5 13. gxf5 Nxe2 14. Bxe2 gxf5 15.
O-O-O Kh8 16. Rdg1 f4 17. Bf2 Bf6 18. Qe1 Qe8 19. Kb1 b6 20. Bh4 Qh5 21. Bxf6+
Rxf6 22. h4 Rg6 23. Nd1 Rxg1 24. Qxg1 Bd7 25. Nf2 Rg8 26. Ng4 Qg6 27. h5 Qg5 28.
Qf2 Rf8 29. Qh4 Qxh4 30. Rxh4 a5 31. Kc2 Ng8 32. Kd2 Bxg4 33. Rxg4 Nf6 34. Rh4
Rg8 35. a3 Rg1 36. Rh2 Kg7 37. h6+ Kg6 38. c5 dxc5 39. Bb5 Kg5 40. Ba6 Ne8 41.
Bc8 Nd6 42. Bg4 Nxe4+ 43. Kd3 Nf6 44. Re2 e4+ 0-1

[Event "46th Bosna Open 2016"]
[Site "Sarajevo BIH"]
[Date "2016.05.31"]
[Round "5.7"]
[White "Djukic, Nikola"]
[Black "Obad, Andrija"]
[Result "1-0"]
[WhiteTitle "GM"]
[WhiteElo "2546"]
[BlackElo "2279"]
[WhiteFideId "922412"]
[BlackFideId "14412276"]
[EventDate "2016.05.28"]

1. e4 c5 2. Nf3 d6 3. d4 cxd4 4. Nxd4 Nf6 5. Nc3 a6 6. h3 e6 7. g4 h6 8. Bg2 Be7
9. Be3 Qc7 10. Qe2 Nc6 11. O-O-O Nxd4 12. Bxd4 e5 13. Be3 b5 14. f4 Bb7 15. h4
b4 16. Nd5 Nxd5 17. exd5 exf4 18. Bxf4 O-O 19. g5 h5 20. Rhe1 Rac8 21. Bh3 Rce8
22. Qxh5 Qc4 23. Be3 Bc8 24. Bf1 Qg4 25. Qxg4 Bxg4 26. Rd4 Bf3 27. Rxb4 Bxd5 28.
Bxa6 Ra8 29. Bb7 Rab8 30. Bxd5 Rxb4 31. g6 Bxh4 32. gxf7+ Rxf7 33. Rd1 Be7 34.
b3 Rb5 35. a4 Rxd5 36. Rxd5 Rf3 37. Kd2 Kf7 38. a5 Ke6 39. Rb5 Rf1 40. a6 Ra1
41. a7 1-0

[Event "46th Bosna Open 2016"]
[Site "Sarajevo BIH"]
[Date "2016.05.31"]
[Round "5.8"]
[White "Vajic, Goran"]
[Black "Kurajica, Bojan"]
[Result "0-1"]
[BlackTitle "GM"]
[WhiteElo "2299"]
[BlackElo "2527"]
[WhiteFideId "14402890"]
[BlackFideId "14400057"]
[EventDate "2016.05.28"]

1. e4 c5 2. Nf3 Nc6 3. d4 cxd4 4. Nxd4 Qb6 5. Nb3 Nf6 6. Nc3 e6 7. Qe2 d6 8. Be3
Qc7 9. g4 a6 10. g5 Nd7 11. O-O-O b5 12. f4 Bb7 13. Qf2 Be7 14. h4 O-O 15. f5
Nce5 16. Bg2 b4 17. Ne2 Rac8 18. c3 Qc4 19. Bd4 bxc3 20. Nxc3 Nd3+ 21. Rxd3 Qxd3
22. f6 Bd8 23. fxg7 Re8 24. Rf1 Re7 25. g6 hxg6 26. Qf4 f6 27. Rd1 Qc4 28. Bf1
Qc7 29. Bxf6 Nxf6 30. Qxf6 Rxg7 31. Qxe6+ Qf7 32. Bh3 Rc7 33. Qxd6 Be7 34. Qb6
Kh7 35. Kb1 Rxc3 36. bxc3 Qf3 37. Rd4 Bxe4+ 38. Kb2 Qxh3 39. Qxa6 Qg2+ 40. Nd2
Bf5 41. Qf1 Qa8 42. a4 Bc5 43. Rf4 Qd5 44. Qe2 Re7 0-1

[Event "46th Bosna Open 2016"]
[Site "Sarajevo BIH"]
[Date "2016.05.31"]
[Round "5.9"]
[White "Savic, Miodrag R"]
[Black "Mrndjic, Muamer"]
[Result "1-0"]
[WhiteTitle "GM"]
[WhiteElo "2522"]
[BlackElo "2224"]
[WhiteFideId "920479"]
[BlackFideId "14402114"]
[EventDate "2016.05.28"]

1. e4 c5 2. Nf3 e6 3. c3 Nf6 4. e5 Nd5 5. d4 cxd4 6. cxd4 Nc6 7. a3 Be7 8. Bc4
d6 9. O-O Nb6 10. Bd3 a5 11. Nc3 d5 12. Bf4 Na7 13. Nd2 Bd7 14. Qg4 Kf8 15. Rfc1
Rc8 16. Qe2 Na4 17. Nxa4 Bxa4 18. Rxc8 Qxc8 19. Nf3 Qd8 20. Rc1 h6 21. Bd2 g6
22. Qe1 b6 23. Rc3 Kg7 24. g3 Nb5 25. Rc1 Na7 26. h4 Qd7 27. Qe3 Bb5 28. Bb1 a4
29. h5 Bc4 30. hxg6 fxg6 31. Kg2 b5 32. Rh1 g5 33. Nh2 Nc6 34. Ng4 Qd8 35. Qc3
Qe8 36. Be3 Qf7 37. Qd2 b4 38. axb4 Bxb4 39. Qc2 a3 40. bxa3 Be7 41. f4 gxf4 42.
gxf4 h5 43. Nh2 h4 44. Rg1 Kf8 45. Kh1 Rg8 46. Rxg8+ Qxg8 47. f5 Qg3 48. Qd2
Nxe5 49. dxe5 d4 50. Bh6+ Ke8 51. Be4 exf5 52. Bc6+ Kf7 53. Qxd4 Qe1+ 54. Qg1
Qxg1+ 55. Kxg1 Bc5+ 56. Kg2 Bxa3 57. Nf3 Ke6 58. Bf4 Bd5 59. Bxd5+ Kxd5 60. Nxh4
Ke4 61. Ng6 Bb4 62. Kh3 Kd5 63. Kh4 Ke6 64. Kg5 Bc5 65. Kh6 Bb4 66. Kg7 Bc3 67.
Kf8 Ba5 68. Ke8 Bc7 69. Kf8 Bd8 70. Kg7 Bc7 71. Nf8+ Ke7 72. Bg5+ Ke8 73. Ng6
Ba5 74. Kf6 Bb6 75. Kxf5 Bd4 76. e6 Bc3 77. Nf4 Bd4 78. Nd5 Bc5 79. Nf6+ 1-0

[Event "46th Bosna Open 2016"]
[Site "Sarajevo BIH"]
[Date "2016.05.31"]
[Round "5.10"]
[White "Pasalic, Harun"]
[Black "Drazic, Sinisa"]
[Result "0-1"]
[BlackTitle "GM"]
[WhiteElo "2253"]
[BlackElo "2422"]
[WhiteFideId "14403269"]
[BlackFideId "901172"]
[EventDate "2016.05.28"]

1. e4 d6 2. d4 Nf6 3. Nc3 g6 4. f4 Bg7 5. Nf3 c5 6. Bb5+ Bd7 7. e5 Ng4 8. e6
fxe6 9. Ng5 Nf6 10. Nxe6 Qa5 11. Bd2 Kf7 12. Ng5+ Kf8 13. Bxd7 Nbxd7 14. Nd5 Qa4
15. Qe2 Nxd5 16. Qe6 Ke8 17. Qf7+ Kd8 18. Qxd5 Bxd4 19. Nf7+ Kc7 20. Nxh8 Bxh8
21. c3 Nf6 22. Qe6 Qe4+ 23. Qxe4 Nxe4 24. g4 Rf8 25. Be3 Nxc3 26. bxc3 Bxc3+ 27.
Ke2 Bxa1 28. Rxa1 b5 29. h4 a5 30. Rh1 h5 31. Bd2 hxg4 32. Rg1 b4 33. Rxg4 Rf6
34. Rg5 a4 35. Kd3 Kc6 36. Ke4 Re6+ 37. Kd3 a3 38. f5 gxf5 39. Rxf5 d5 40. Rf2
Re5 41. Rh2 Rh5 42. Bg5 e5 43. Rf2 c4+ 44. Kc2 Rh7 45. Rf6+ Kc5 46. Rf5 b3+ 47.
axb3 a2 48. Rf1 Rf7 49. Ra1 Rf2+ 50. Kc1 Kb4 51. bxc4 Kxc4 52. Bd2 Kb3 53. Be1
Rh2 54. h5 e4 55. h6 e3 56. Kd1 d4 57. Rc1 Rxh6 58. Ke2 Ra6 0-1

[Event "46th Bosna Open 2016"]
[Site "Sarajevo BIH"]
[Date "2016.05.31"]
[Round "5.11"]
[White "Bandic, Adnan"]
[Black "Nikcevic, Nebojsa"]
[Result "0-1"]
[BlackTitle "GM"]
[WhiteElo "2218"]
[BlackElo "2416"]
[WhiteFideId "14400987"]
[BlackFideId "901776"]
[EventDate "2016.05.28"]

1. e4 c5 2. Nf3 Nc6 3. d4 cxd4 4. Nxd4 e5 5. Nb5 d6 6. c4 Be7 7. N1c3 a6 8. Na3
Be6 9. Nd5 Bxd5 10. cxd5 Nd4 11. Bd3 Bg5 12. f4 Bh4+ 13. g3 Bf6 14. O-O Ne7 15.
fxe5 Bxe5 16. Nc4 Ng6 17. Nxe5 dxe5 18. Qa4+ b5 19. Qa3 h5 20. Be3 h4 21. g4 h3
22. Rf2 Rh4 23. g5 Nf4 24. Kh1 Qxg5 25. Bxd4 Nxd3 26. Qxd3 exd4 27. Qxd4 Rc8 28.
Qd3 Rc1+ 29. Rxc1 Qxc1+ 30. Rf1 Qxb2 31. Rg1 Qe5 32. Re1 f5 33. Qf3 Rxe4 34.
Qh5+ Kf8 35. Qh8+ Kf7 36. Rg1 Rg4 37. Qh5+ Kg8 0-1

[Event "46th Bosna Open 2016"]
[Site "Sarajevo BIH"]
[Date "2016.05.31"]
[Round "5.12"]
[White "Hadzovic, Amir"]
[Black "Plenca, Jadranko"]
[Result "1-0"]
[BlackTitle "FM"]
[WhiteElo "2218"]
[BlackElo "2390"]
[WhiteFideId "14402300"]
[BlackFideId "14527146"]
[EventDate "2016.05.28"]

1. Nf3 d5 2. g3 Nf6 3. Bg2 b5 4. d3 e6 5. O-O Be7 6. c4 bxc4 7. dxc4 c6 8. Nc3
O-O 9. Qa4 Bb7 10. Bf4 Nbd7 11. Qc2 Qa5 12. e4 Nb6 13. e5 Nfd7 14. b3 dxc4 15.
Ne4 Ba6 16. Nfg5 g6 17. Nf3 c3 18. Rfd1 Nd5 19. h4 Rfd8 20. h5 c5 21. hxg6 hxg6
22. Bg5 Bxg5 23. Nexg5 Nf8 24. Nh4 Qb6 25. Qe4 Bb7 26. Qf3 Qc7 27. Re1 Rab8 28.
Qg4 Nb4 29. Bxb7 Rxb7 30. Nhf3 Nc2 31. Ne4 Nd7 32. Qg5 Nxe1 33. Rxe1 Rb4 34. Qh6
Rxe4 35. Rxe4 c2 36. Kg2 c1=Q 37. Qxc1 Qc6 38. Qf4 Nf8 39. Ng5 Qb7 40. f3 Qe7
41. Re1 Rd5 42. Rh1 Qc7 43. Nxf7 1-0

[Event "46th Bosna Open 2016"]
[Site "Sarajevo BIH"]
[Date "2016.05.31"]
[Round "6.2"]
[White "Bosiocic, Marin"]
[Black "Brkic, Ante"]
[Result "1-0"]
[WhiteTitle "GM"]
[BlackTitle "GM"]
[WhiteElo "2567"]
[BlackElo "2584"]
[WhiteFideId "14507927"]
[BlackFideId "14506688"]
[EventDate "2016.05.28"]

1. e4 e5 2. Nf3 Nc6 3. Bb5 a6 4. Ba4 Nf6 5. O-O Be7 6. d3 d6 7. c3 O-O 8. Re1
Re8 9. Nbd2 Bf8 10. Nf1 h6 11. Ng3 b5 12. Bb3 Na5 13. Bc2 c5 14. d4 cxd4 15.
cxd4 exd4 16. Nxd4 Bb7 17. b3 Rc8 18. Bb2 Nc6 19. Nxc6 Bxc6 20. Qd3 g6 21. Rad1
Bg7 22. b4 Bd7 23. Bb3 Be6 24. Bxe6 Rxe6 25. f3 Rc4 26. a3 Qb6+ 27. Bd4 Qc7 28.
Ne2 d5 29. e5 Nd7 30. f4 g5 31. g3 gxf4 32. gxf4 f6 33. Bf2 Nf8 34. Qxd5 Kh8 35.
Nd4 Re8 36. e6 Qxf4 37. Qh5 Qg5+ 38. Qxg5 fxg5 39. e7 Ng6 40. Nf5 Ne5 41. Rd8
Rc8 42. Rxc8 Rxc8 43. Kh1 1-0

[Event "46th Bosna Open 2016"]
[Site "Sarajevo BIH"]
[Date "2016.05.31"]
[Round "6.3"]
[White "Kozul, Zdenko"]
[Black "Arapovic, Vitomir"]
[Result "1-0"]
[WhiteTitle "GM"]
[BlackTitle "IM"]
[WhiteElo "2591"]
[BlackElo "2350"]
[WhiteFideId "14502879"]
[BlackFideId "14401614"]
[EventDate "2016.05.28"]

1. d4 g6 2. c4 Bg7 3. Nc3 d6 4. Nf3 Bg4 5. e3 Nc6 6. h3 Bxf3 7. Qxf3 Nf6 8. Qd1
O-O 9. g3 e5 10. d5 Ne7 11. e4 Nd7 12. h4 h5 13. Bh3 Nf6 14. Be3 c6 15. O-O c5
16. f4 exf4 17. Bxf4 Re8 18. Qf3 Rf8 19. Rae1 Ne8 20. e5 dxe5 21. Bxe5 Bxe5 22.
Rxe5 Nd6 23. Ne4 Nxe4 24. Qxe4 Nc8 25. Be6 Kg7 26. Rg5 Nd6 27. Rxf7+ Rxf7 28.
Qxg6+ Kf8 29. Bxf7 Nxf7 30. Qg7+ Ke8 31. Rg6 Qd7 32. Qg8+ Ke7 33. Qxa8 1-0

[Event "46th Bosna Open 2016"]
[Site "Sarajevo BIH"]
[Date "2016.05.31"]
[Round "6.4"]
[White "Drazic, Sinisa"]
[Black "Can, Emre"]
[Result "1/2-1/2"]
[WhiteTitle "GM"]
[BlackTitle "GM"]
[WhiteElo "2422"]
[BlackElo "2557"]
[WhiteFideId "901172"]
[BlackFideId "6302181"]
[EventDate "2016.05.28"]

1. d4 d5 2. c4 e6 3. Nf3 c6 4. e3 Bd6 5. b3 f5 6. Bd3 Nf6 7. O-O Qe7 8. a4 a5 9.
Ba3 Bxa3 10. Nxa3 O-O 11. Nc2 b6 12. Qc1 Nbd7 13. cxd5 Nxd5 14. Re1 N7f6 15. Na3
Bb7 16. Nc4 c5 17. Nfe5 Rac8 18. Bf1 Rfd8 19. Qb2 cxd4 20. exd4 Nb4 21. Rac1
Nfd5 22. Qd2 Qf6 23. g3 Qe7 24. Bg2 Nf6 25. Bxb7 Qxb7 26. f3 Ne8 27. Kg2 Nc7 28.
h4 Ncd5 29. Nd3 Nc6 30. Nde5 f4 31. Nxc6 Rxc6 32. g4 Rdc8 33. Kh3 Ne3 34. Rxe3
fxe3 35. Qxe3 Qc7 36. Re1 Qd8 37. Qd3 R8c7 38. Re4 Rc8 39. Qe3 Qf6 40. Kg3 Rf8
41. h5 h6 42. Re5 Qf7 43. Qe4 Qc7 44. Kg2 Qd7 45. Kg3 Rd8 46. Kg2 Rf8 1/2-1/2

[Event "46th Bosna Open 2016"]
[Site "Sarajevo BIH"]
[Date "2016.05.31"]
[Round "6.5"]
[White "Kadric, Denis"]
[Black "Hadzovic, Amir"]
[Result "1-0"]
[WhiteTitle "GM"]
[WhiteElo "2554"]
[BlackElo "2218"]
[WhiteFideId "14403803"]
[BlackFideId "14402300"]
[EventDate "2016.05.28"]

1. e4 e5 2. Nf3 d6 3. d4 exd4 4. Nxd4 Nf6 5. Nc3 Be7 6. g3 O-O 7. Bg2 Bg4 8.
Nde2 Nc6 9. h3 Be6 10. O-O Nd7 11. g4 Bf6 12. f4 Bc4 13. Nd5 Re8 14. g5 Bxe2 15.
Qxe2 Bd4+ 16. Kh1 Nb6 17. Qd3 Bc5 18. Nxb6 Bxb6 19. b3 Qd7 20. Bb2 Rad8 21. Rad1
Re6 22. h4 Qe8 23. c4 Rd7 24. Bh3 Rxe4 25. Bxd7 Qxd7 26. Rde1 Rxe1 27. Rxe1 Kf8
28. f5 g6 29. Bf6 gxf5 30. Kh2 Kg8 31. Qxf5 1-0

[Event "46th Bosna Open 2016"]
[Site "Sarajevo BIH"]
[Date "2016.05.31"]
[Round "6.6"]
[White "Kosic, Dragan"]
[Black "Djukic, Nikola"]
[Result "1-0"]
[WhiteTitle "GM"]
[BlackTitle "GM"]
[WhiteElo "2507"]
[BlackElo "2546"]
[WhiteFideId "900290"]
[BlackFideId "922412"]
[EventDate "2016.05.28"]

1. d4 Nf6 2. Nf3 e6 3. Bg5 h6 4. Bxf6 Qxf6 5. e4 d6 6. Bd3 e5 7. c3 Be7 8. Nbd2
O-O 9. Nc4 Nc6 10. Ne3 Bd8 11. O-O Ne7 12. Bc2 c6 13. a4 a5 14. Qd2 Ng6 15. Kh1
Nf4 16. Ng1 Bc7 17. Rad1 g5 18. Ne2 Nxe2 19. Qxe2 Be6 20. d5 Bd7 21. Rd3 Kg7 22.
Qd1 Rad8 23. Qe2 Rh8 24. Kg1 h5 25. Nf5+ Bxf5 26. exf5 Kf8 27. Qe4 c5 28. Rb1
Kg7 29. b4 cxb4 30. cxb4 Bb6 31. bxa5 Bd4 32. Rxb7 Rc8 33. Rd1 Rc4 34. Qe2 Rhc8
35. Bd3 Rxa4 36. a6 g4 37. g3 Qg5 38. Kg2 Rc3 39. Bb5 Ra5 40. Be8 Kf8 41. Rxd4
Kxe8 42. Rc4 Rxc4 43. Qxc4 Kf8 44. Qc8+ Kg7 45. Rb8 Qh6 46. Qf8+ 1-0

[Event "46th Bosna Open 2016"]
[Site "Sarajevo BIH"]
[Date "2016.05.31"]
[Round "6.7"]
[White "Jovanovic, Zoran"]
[Black "Lekic, Dusan"]
[Result "1/2-1/2"]
[WhiteTitle "GM"]
[BlackTitle "IM"]
[WhiteElo "2531"]
[BlackElo "2345"]
[WhiteFideId "14505320"]
[BlackFideId "905330"]
[EventDate "2016.05.28"]

1. e4 e5 2. Nf3 Nc6 3. Bc4 Bc5 4. c3 Nf6 5. d3 d6 6. Bb3 Bb6 7. a4 a6 8. O-O Ne7
9. Nbd2 Ng6 10. Nc4 Ba7 11. Be3 O-O 12. Bxa7 Rxa7 13. Re1 Ra8 14. d4 exd4 15.
Qxd4 Bg4 16. e5 dxe5 17. Qxd8 Raxd8 18. Ncxe5 Nxe5 19. Nxe5 Rd2 20. Nc4 Rd7 21.
Na5 Rd2 22. Nxb7 Rxb2 23. Nc5 Nd7 24. Nxd7 Bxd7 25. Bc4 a5 26. Re7 Rd2 27. h3 g6
28. Re5 Ra8 29. Rc5 Ra7 30. Bd5 Kf8 31. Bf3 Ke7 32. Rc4 Be6 33. Re1 Kd6 34. Rc6+
Kd7 35. Rc5 Kd6 36. Rc6+ Kd7 37. Rc5 Kd6 1/2-1/2

[Event "46th Bosna Open 2016"]
[Site "Sarajevo BIH"]
[Date "2016.05.31"]
[Round "6.8"]
[White "Kurajica, Bojan"]
[Black "Hodzic, Nihad"]
[Result "1/2-1/2"]
[WhiteTitle "GM"]
[WhiteElo "2527"]
[BlackElo "2215"]
[WhiteFideId "14400057"]
[BlackFideId "14402041"]
[EventDate "2016.05.28"]

1. Nf3 Nf6 2. c4 c5 3. d4 cxd4 4. Nxd4 e5 5. Nb5 d5 6. cxd5 Bc5 7. N5c3 O-O 8.
g3 Qb6 9. e3 Bg4 10. Be2 Bf5 11. O-O Nbd7 12. a3 a5 13. Nd2 e4 14. Nc4 Qd8 15.
Rb1 Bh3 16. Re1 Rc8 17. Nb5 Nb6 18. Nxa5 Nbxd5 19. Nxb7 Qb6 20. Nxc5 Rxc5 21.
Qb3 Rb8 22. a4 Ng4 23. Qd1 Ndf6 24. Nd4 h5 25. b4 Rg5 26. b5 h4 27. a5 Qxa5 28.
Nc6 Qc7 29. Ba3 Nxf2 30. Qd6 hxg3 31. Rf1 gxh2+ 32. Kxf2 Rg2+ 33. Ke1 Rxe2+ 34.
Kxe2 Bxf1+ 35. Rxf1 Qxd6 36. Bxd6 Rxb5 37. Ne7+ Kh7 38. Kf2 Ng4+ 39. Kg3 Nxe3
40. Rh1 Rh5 41. Bf4 Nc2 42. Kf2 f6 43. Rxh2 Rxh2+ 44. Bxh2 Kh6 45. Nf5+ Kg6 46.
Nd6 f5 47. Be5 Nb4 48. Bxg7 Kxg7 49. Nxf5+ Kf6 1/2-1/2